Largest Canadian Islands - Map Quiz - Statistics

General Stats
  • This quiz has been taken 57 times
  • The average score is 10 of 20
Answers on the Map
Answers color-coded by a green-red scale on the quiz's map according to % correct below.
 
Answer Stats
Answer % Correct
Baffin
97%
Newfoundland
97%
Ellesmere
86%
Vancouver
86%
Banks
66%
Victoria
66%
Cape Breton
54%
Axel Heiberg
49%
Anticosti
43%
Devon
43%
Somerset
37%
Southampton
37%
Prince of Wales
34%
Prince Charles
31%
Melville
29%
Prince Patrick
29%
King William
23%
Bathurst
20%
Bylot
20%
Ellef Ringnes
20%
No matching quizzes found
Score Distribution
Percent of People with Each Score
Percentile by Number Answered
Your Score History
You have not taken this quiz